Southeast Asia : Crossroads of the World
This book introduction provides an engaging at the history, culture, and politics of thisc intriguing region. Intended for both high school students and beginning undergaduates, the book is also useful background reading for upper divison courses and for general readers new to the study of Sountheas...
Gespeichert in:
| 1. Verfasser: | |
|---|---|
| Format: | Buch |
| Sprache: | Undetermined |
| Veröffentlicht: |
DeKalb
Northern Illinois University Press
2000
|
| Schlagworte: | |
| Tags: |
Tag hinzufügen
Keine Tags, Fügen Sie den ersten Tag hinzu!
|
| Thư viện lưu trữ: | Trung tâm Học liệu Trường Đại học Cần Thơ |
|---|
| LEADER | 00850nam a2200205Ia 4500 | ||
|---|---|---|---|
| 001 | CTU_191404 | ||
| 008 | 210402s9999 xx 000 0 und d | ||
| 082 | |a 959 | ||
| 082 | |b N395 | ||
| 100 | |a Neher, Clark D. | ||
| 245 | 0 | |a Southeast Asia : | |
| 245 | 0 | |b Crossroads of the World | |
| 245 | 0 | |c Clark D. Neher | |
| 260 | |a DeKalb | ||
| 260 | |b Northern Illinois University Press | ||
| 260 | |c 2000 | ||
| 520 | |a This book introduction provides an engaging at the history, culture, and politics of thisc intriguing region. Intended for both high school students and beginning undergaduates, the book is also useful background reading for upper divison courses and for general readers new to the study of Sountheast Asia. | ||
| 650 | |a Southeast Asia,Đông Nam Á | ||
| 904 | |i Qhieu | ||
| 980 | |a Trung tâm Học liệu Trường Đại học Cần Thơ | ||